[Event "Chessable Masters Play In"]
[Site "Chess.com INT"]
[Date "2024.01.31"]
[Round "4"]
[White "Boruchovsky, Avital"]
[Black "So, Wesley"]
[Result "0-1"]
[WhiteElo "2528"]
[BlackElo "2757"]
[PlyCount "118"]
[EventDate "2024.01.31"]
[EventType "swiss (rapid)"]
[EventRounds "9"]
[EventCountry "USA"]
[SourceTitle "CB06_2024"]
[SourceDate "2024.02.07"]
[SourceVersion "1"]
[SourceVersionDate "2024.02.07"]
[SourceQuality "1"]

1. e4 e5 2. Nf3 Nc6 3. Bb5 a6 4. Ba4 Nf6 5. 0-0 d6 6. c3 Bd7 7. d4 b5 8. Bc2 g6 9. h3 Bg7 10. Re1 0-0 11. Nbd2 Re8 12. Nf1 h6 13. Ng3 Na5 14. b3 exd4 15. cxd4 c5 16. e5 dxe5 17. dxe5 Nh7 18. Ne4 Nc6 19. Nxc5 Nxe5 20. Nxe5 Rxe5 21. Rxe5 Bxe5 22. Rb1 Bf5 23. Qe2 Bxc2 24. Qxc2 Bg7 25. Be3 Nf6 26. Rd1 Qc7 27. Qd2 Bf8 28. b4 a5 29. a3 axb4 30. axb4 h5 31. Bd4 Rd8 32. Qe2 Qf4 33. g3 Qf5 34. Bxf6 Rxd1+ 35. Qxd1 Qxf6 36. Qd7 h4 37. gxh4 Qxh4 38. Qxb5 Qxh3 39. Qc4 Bd6 40. Ne4 Bh2+ 41. Kh1 Be5+ 42. Kg1 Qg4+ 43. Kf1 Kg7 44. Qd5 Qh3+ 45. Ke2 Qh5+ 46. Kf1 Qh3+ 47. Ke2 Qg4+ 48. Kf1 Qf4 49. b5 Kh6 50. Nc5 Bc7 51. Nd3 Qf6 52. Qh1+ Kg7 53. Qc6 Qd8 54. Ke2 Bb6 55. Qe4 Kg8 56. Ne5 Qe7 57. f4 Kg7 58. Kf3 Qc5 59. Qc4 Qe3+ 0-1

[Event "ISR-chT"]
[Site "Israel"]
[Date "2024.01.12"]
[Round "2.31"]
[White "Eljanov, Pavel"]
[Black "Boruchovsky, Avital"]
[Result "1-0"]
[WhiteElo "2704"]
[BlackElo "2529"]
[PlyCount "79"]
[EventDate "2024.01.10"]
[EventType "team-tourn"]
[EventRounds "11"]
[EventCountry "ISR"]
[SourceTitle "CB09_2024"]
[SourceDate "2024.02.28"]
[SourceVersion "1"]
[SourceVersionDate "2024.02.28"]
[SourceQuality "1"]
[WhiteTeam "Ashdod"]
[BlackTeam "Kfar Saba"]
[WhiteTeamCountry "ISR"]
[BlackTeamCountry "ISR"]

1. d4 Nf6 2. c4 g6 3. Nf3 Bg7 4. e3 0-0 5. Be2 c5 6. d5 d6 7. Nc3 e6 8. 0-0 exd5 9. cxd5 Bg4 10. h3 Bxf3 11. Bxf3 a6 12. a4 Nbd7 13. Qc2 Re8 14. Bd2 c4 15. Be2 Rc8 16. Rfd1 Qe7 17. a5 Rc5 18. Ra4 Qd8 19. Rda1 Qc8 20. e4 Rc7 21. Be3 h5 22. Rb4 Kh7 23. Bd4 Nc5 24. Rxc4 Nfd7 25. Bxg7 Kxg7 26. Qd1 Nf6 27. Bf3 Ncd7 28. Rb4 Rc4 29. Qb3 Rxb4 30. Qxb4 Qc5 31. Qxb7 Rb8 32. Qxa6 Rxb2 33. Nd1 Rd2 34. Qc6 Qd4 35. Qa4 Qe5 36. a6 Nxe4 37. Bxe4 Nb6 38. Qb4 Nc4 39. Qxc4 Qxa1 40. Qc3+ 1-0

[Event "Titled Tuesday intern op 09th Jan Early"]
[Site "Chess.com INT"]
[Date "2024.01.09"]
[Round "6"]
[White "Bodnaruk, Anastasia"]
[Black "Boruchovsky, Avital"]
[Result "0-1"]
[WhiteElo "2340"]
[BlackElo "2528"]
[PlyCount "90"]
[EventDate "2024.01.09"]
[EventType "swiss (blitz)"]
[EventRounds "11"]
[EventCountry "USA"]
[SourceTitle "CB03_2024"]
[SourceDate "2024.01.17"]
[SourceVersion "1"]
[SourceVersionDate "2024.01.17"]
[SourceQuality "1"]

1. e4 e6 2. d4 d5 3. e5 c5 4. c3 Bd7 5. Nf3 Nc6 6. Be2 cxd4 7. cxd4 Nge7 8. Na3 a6 9. Nc2 h5 10. 0-0 Nf5 11. Bd3 Be7 12. Rb1 g5 13. Bxf5 exf5 14. Nfe1 f4 15. Nd3 h4 16. Nc5 b6 17. Nb7 Qc7 18. Nd6+ Bxd6 19. exd6 Qxd6 20. Re1+ Kf8 21. b3 b5 22. h3 Kg7 23. Qd3 Rhe8 24. Bd2 Qg6 25. Qxg6+ Kxg6 26. Nb4 Nxb4 27. Bxb4 Rxe1+ 28. Rxe1 Rc8 29. Bc5 g4 30. hxg4 Bxg4 31. f3 Be6 32. Kf2 Rh8 33. Rh1 f6 34. Bd6 Kg5 35. Bc5 Bf5 36. Bd6 a5 37. Bc5 b4 38. Bd6 Ra8 39. Rc1 a4 40. Bxb4 axb3 41. axb3 Ra2+ 42. Kg1 h3 43. gxh3 Bxh3 44. Be7 Kh4 45. Kh1 Kg3 0-1

[Event "Titled Tuesday intern op 09th Jan Early"]
[Site "Chess.com INT"]
[Date "2024.01.09"]
[Round "5"]
[White "Boruchovsky, Avital"]
[Black "Jimenez Almeida, Luis David"]
[Result "1-0"]
[WhiteElo "2528"]
[BlackElo "2208"]
[PlyCount "87"]
[EventDate "2024.01.09"]
[EventType "swiss (blitz)"]
[EventRounds "11"]
[EventCountry "USA"]
[SourceTitle "CB03_2024"]
[SourceDate "2024.01.17"]
[SourceVersion "1"]
[SourceVersionDate "2024.01.17"]
[SourceQuality "1"]

1. e4 g6 2. d4 Bg7 3. f4 d6 4. Be3 e6 5. Nf3 b6 6. Bd3 Bb7 7. 0-0 Ne7 8. Qe1 a6 9. Nbd2 Nd7 10. b4 h6 11. c4 a5 12. a3 axb4 13. axb4 Rxa1 14. Qxa1 0-0 15. b5 c5 16. bxc6 Nxc6 17. Qa3 Qc7 18. e5 dxe5 19. fxe5 Ra8 20. Qb2 Ne7 21. Ne4 Nf5 22. Bf2 h5 23. Nh4 Nxh4 24. Bxh4 Nxe5 25. dxe5 Bxe5 26. Nf6+ Kg7 27. Qd2 Qc5+ 28. Kh1 Qd4 29. Nxh5+ Kg8 30. Qf2 Qxf2 31. Bxf2 gxh5 32. Bxb6 Ra2 33. Rf2 Ra1+ 34. Rf1 Ra2 35. Bf2 Bd4 36. Bxd4 Bxg2+ 37. Kg1 Bxf1 38. Bxf1 Rd2 39. Be3 Rd1 40. Kf2 f5 41. c5 e5 42. c6 Rd6 43. Bb5 f4 44. c7 1-0

[Event "Titled Tuesday intern op 09th Jan Early"]
[Site "Chess.com INT"]
[Date "2024.01.09"]
[Round "1"]
[White "Boruchovsky, Avital"]
[Black "Mesquita, Eduardo Barbosa"]
[Result "1-0"]
[WhiteElo "2528"]
[BlackElo "1948"]
[PlyCount "57"]
[EventDate "2024.01.09"]
[EventType "swiss (blitz)"]
[EventRounds "11"]
[EventCountry "USA"]
[SourceTitle "CB03_2024"]
[SourceDate "2024.01.17"]
[SourceVersion "1"]
[SourceVersionDate "2024.01.17"]
[SourceQuality "1"]

1. e4 c5 2. Nc3 e6 3. Nf3 a6 4. g3 d5 5. Bg2 d4 6. Ne2 Nf6 7. d3 Nc6 8. 0-0 Be7 9. Nd2 0-0 10. a4 b6 11. f4 Bb7 12. h3 Re8 13. g4 b5 14. Ng3 Nd7 15. g5 g6 16. h4 h5 17. b3 Rc8 18. e5 Na5 19. Nde4 c4 20. axb5 axb5 21. Bd2 c3 22. Be1 Nc6 23. Nf6+ Nxf6 24. gxf6 Bf8 25. Nxh5 gxh5 26. Qxh5 Na5 27. Bxb7 Nxb7 28. Rf3 Bg7 29. Rg3 1-0

[Event "Titled Tuesday intern op 09th Jan Early"]
[Site "Chess.com INT"]
[Date "2024.01.09"]
[Round "7"]
[White "Mirzoev, Azer"]
[Black "Boruchovsky, Avital"]
[Result "1/2-1/2"]
[WhiteElo "2447"]
[BlackElo "2528"]
[PlyCount "67"]
[EventDate "2024.01.09"]
[EventType "swiss (blitz)"]
[EventRounds "11"]
[EventCountry "USA"]
[SourceTitle "CB03_2024"]
[SourceDate "2024.01.17"]
[SourceVersion "1"]
[SourceVersionDate "2024.01.17"]
[SourceQuality "1"]

1. d4 Nf6 2. Nf3 g6 3. c4 Bg7 4. Nc3 0-0 5. Bg5 c5 6. e3 cxd4 7. Nxd4 Nc6 8. Bh4 d5 9. Rc1 Nxd4 10. Qxd4 Qa5 11. Bxf6 Bxf6 12. Qxd5 Bxc3+ 13. Rxc3 Qxa2 14. Qd2 Bf5 15. Qc1 Rfd8 16. Be2 Qa5 17. 0-0 Qc5 18. h3 a5 19. Rd1 b6 20. Bf3 Rac8 21. Rd5 Qc7 22. Qd2 Be6 23. Rd4 Rxd4 24. exd4 Qd6 25. d5 Bf5 26. Qe3 Rc7 27. Bg4 Bxg4 28. hxg4 a4 29. g5 Qb4 30. Qf4 Qd6 31. Qd4 Qb4 32. Qf4 Qd6 33. Qd4 Qb4 34. Qf4 1/2-1/2

[Event "Sitges Sunway op 10th"]
[Site "Sitges"]
[Date "2023.12.19"]
[Round "7"]
[White "Boruchovsky, Avital"]
[Black "Suyarov, Mukhammadzokhid"]
[Result "1/2-1/2"]
[WhiteElo "2536"]
[BlackElo "2359"]
[PlyCount "87"]
[EventDate "2023.12.12"]
[EventType "swiss"]
[EventRounds "10"]
[EventCountry "ESP"]
[SourceTitle "CB52_2023"]
[SourceDate "2023.12.27"]
[SourceVersion "1"]
[SourceVersionDate "2023.12.27"]
[SourceQuality "1"]

1. Nf3 d5 2. g3 Nf6 3. Bg2 Bg4 4. 0-0 e6 5. h3 Bh5 6. c4 c6 7. Qb3 Qb6 8. g4 Bg6 9. d3 Nbd7 10. Qxb6 axb6 11. Bf4 dxc4 12. dxc4 Nc5 13. Nbd2 Na4 14. Ne5 0-0-0 15. Ndf3 Bd6 16. Rfc1 Rhf8 17. b3 Nc5 18. Nxg6 hxg6 19. Be3 Nfe4 20. b4 Na4 21. a3 Bc7 22. Ra2 f5 23. Rac2 Nf6 24. g5 Nh5 25. Bd4 Rfe8 26. Be5 Nf4 27. h4 Rh8 28. Bxg7 e5 29. Bxh8 Rxh8 30. e4 fxe4 31. Nh2 Rxh4 32. Bxe4 Nc3 33. Bf3 Nd3 34. Rxc3 Nxc1 35. Rxc1 e4 36. Bxe4 Rxe4 37. Nf3 Rg4+ 38. Kf1 Bd8 39. Re1 Bxg5 40. Re8+ Kc7 41. Ke2 Bf6 42. Nd2 Bb2 43. Re7+ Kc8 44. Re3 1/2-1/2

[Event "Sitges Sunway op 10th"]
[Site "Sitges"]
[Date "2023.12.12"]
[Round "1"]
[White "Boruchovsky, Avital"]
[Black "Halmeenmaki, Tuomo"]
[Result "1/2-1/2"]
[WhiteElo "2536"]
[BlackElo "2065"]
[PlyCount "81"]
[EventDate "2023.12.12"]
[EventType "swiss"]
[EventRounds "10"]
[EventCountry "ESP"]
[SourceTitle "CB52_2023"]
[SourceDate "2023.12.27"]
[SourceVersion "1"]
[SourceVersionDate "2023.12.27"]
[SourceQuality "1"]

1. d4 d5 2. c4 e6 3. Nc3 Nf6 4. cxd5 exd5 5. Bg5 c6 6. e3 Be7 7. Bd3 Nbd7 8. Nf3 h6 9. Bh4 Ne4 10. Bxe7 Qxe7 11. Bxe4 dxe4 12. Nd2 Nf6 13. Qc2 Bf5 14. 0-0 0-0 15. Ne2 Rad8 16. a3 Rfe8 17. b4 Bg4 18. Nc4 Bxe2 19. Qxe2 Rd5 20. Rfc1 Red8 21. Rab1 Rg5 22. a4 Rdd5 23. Ne5 Nd7 24. f4 exf3 25. Nxf3 Rg4 26. h3 Re4 27. Re1 a6 28. Kh1 h5 29. b5 axb5 30. axb5 c5 31. Qa2 Rf5 32. Qc2 g6 33. Qd3 cxd4 34. exd4 Rxe1+ 35. Nxe1 Qd6 36. Nc2 Rd5 37. Qf3 b6 38. Rf1 Qe6 39. Nb4 Rf5 40. Qa8+ Kg7 41. Rxf5 1/2-1/2

[Event "Titled Tuesday intern op 14th Nov Early"]
[Site "Chess.com INT"]
[Date "2023.11.14"]
[Round "1"]
[White "Boruchovsky, Avital"]
[Black "Zomorrodian, Eilia"]
[Result "1-0"]
[WhiteElo "2536"]
[BlackElo "2099"]
[PlyCount "61"]
[EventDate "2023.11.14"]
[EventType "swiss (blitz)"]
[EventRounds "11"]
[EventCountry "USA"]
[SourceTitle "CB47_2023"]
[SourceDate "2023.11.22"]
[SourceVersion "1"]
[SourceVersionDate "2023.11.22"]
[SourceQuality "1"]

1. c4 Nf6 2. Nc3 g6 3. e4 d6 4. d4 Bg7 5. Be3 0-0 6. Be2 c5 7. Nf3 Nc6 8. d5 Na5 9. 0-0 Bg4 10. Nd2 Bxe2 11. Qxe2 a6 12. Rab1 e6 13. a3 exd5 14. exd5 Nd7 15. Nce4 b5 16. cxb5 axb5 17. Nxd6 b4 18. N2e4 Nb3 19. axb4 cxb4 20. Qc4 Na5 21. Qxb4 Rb8 22. Qa4 f5 23. Ng5 f4 24. Ne6 Qe7 25. Bxf4 Rxf4 26. Qxf4 Be5 27. Qa4 Qxd6 28. f4 Qb6+ 29. Kh1 Bf6 30. Qxd7 Rb7 31. Qe8# 1-0

[Event "Titled Tuesday intern op 12th Sep Early"]
[Site "Chess.com INT"]
[Date "2023.09.12"]
[Round "2"]
[White "Boruchovsky, Avital"]
[Black "Domingo Nunez, Alejandro"]
[Result "1-0"]
[WhiteElo "2536"]
[BlackElo "2313"]
[PlyCount "79"]
[EventDate "2023.09.12"]
[EventType "swiss (blitz)"]
[EventRounds "11"]
[EventCountry "USA"]
[SourceTitle "EXT 2024"]
[Source "ChessBase"]
[SourceDate "2023.10.10"]
[SourceVersion "1"]
[SourceVersionDate "2023.10.10"]
[SourceQuality "1"]

1. e4 g6 2. h4 Bg7 3. h5 c5 4. Nc3 Nc6 5. Nf3 e6 6. d3 Nge7 7. h6 Bf6 8. e5 Nxe5 9. Ne4 Nxf3+ 10. Qxf3 Nd5 11. c4 Be5 12. cxd5 exd5 13. Bg5 Qa5+ 14. Bd2 Qb6 15. Ng5 0-0 16. Be2 Qxb2 17. Rd1 Bc3 18. Qxd5 d6 19. Ne4 Be5 20. Qb3 Qxb3 21. axb3 Be6 22. f4 Bd4 23. Nxd6 Bxb3 24. Rb1 Bd5 25. Bf3 Bxf3 26. gxf3 b6 27. f5 Rfd8 28. Nb5 Be5 29. fxg6 fxg6 30. f4 Bf6 31. Ke2 a6 32. Nc3 b5 33. Ne4 Bd4 34. Be3 c4 35. dxc4 bxc4 36. Rhc1 Bxe3 37. Kxe3 Rd3+ 38. Ke2 Rd4 39. Kf3 Re8 40. Nf6+ 1-0

[Event "Titled Tuesday intern op 29th Aug Late"]
[Site "Chess.com INT"]
[Date "2023.08.29"]
[Round "4"]
[White "Boruchovsky, Avital"]
[Black "Poltorak, Sebastian"]
[Result "1-0"]
[WhiteElo "2536"]
[BlackElo "2356"]
[PlyCount "89"]
[EventDate "2023.08.29"]
[EventType "swiss (blitz)"]
[EventRounds "11"]
[EventCountry "USA"]
[SourceTitle "EXT 2024"]
[Source "ChessBase"]
[SourceDate "2023.10.10"]
[SourceVersion "1"]
[SourceVersionDate "2023.10.10"]
[SourceQuality "1"]

1. e4 c5 2. Nc3 Nc6 3. g3 g6 4. Bg2 Bg7 5. f4 e6 6. Nf3 d6 7. 0-0 Nge7 8. Ne2 0-0 9. d4 cxd4 10. Nexd4 Nxd4 11. Nxd4 Nc6 12. Nxc6 bxc6 13. c3 Rb8 14. Rf2 Qc7 15. Be3 c5 16. Qc2 Bb7 17. f5 exf5 18. exf5 Bxg2 19. Kxg2 Rfe8 20. Bf4 Be5 21. Bxe5 Rxe5 22. fxg6 hxg6 23. Raf1 Rbe8 24. Qd3 R8e7 25. c4 Qc6+ 26. Kg1 d5 27. cxd5 Qxd5 28. Qc3 Qd4 29. Qxd4 cxd4 30. Rd2 Re2 31. Rf2 Rxf2 32. Kxf2 Re4 33. Re2 f5 34. Kf3 d3 35. Rd2 Rb4 36. b3 Kf7 37. Rxd3 Kf6 38. Rd6+ Kg5 39. h4+ Kh5 40. Rd7 g5 41. hxg5 Kxg5 42. Rxa7 f4 43. Ra5+ Kf6 44. gxf4 Ke7 45. Kg4 1-0

[Event "Titled Tuesday intern op 29th Aug Late"]
[Site "Chess.com INT"]
[Date "2023.08.29"]
[Round "7"]
[White "Jumabayev, Rinat"]
[Black "Boruchovsky, Avital"]
[Result "0-1"]
[WhiteElo "2589"]
[BlackElo "2536"]
[PlyCount "178"]
[EventDate "2023.08.29"]
[EventType "swiss (blitz)"]
[EventRounds "11"]
[EventCountry "USA"]
[SourceTitle "EXT 2024"]
[Source "ChessBase"]
[SourceDate "2023.10.10"]
[SourceVersion "1"]
[SourceVersionDate "2023.10.10"]
[SourceQuality "1"]

1. Nf3 e6 2. c4 d5 3. e3 Nf6 4. Nc3 c5 5. cxd5 Nxd5 6. Bc4 Nc6 7. 0-0 Be7 8. Qe2 0-0 9. Rd1 Nb6 10. Bb5 Qc7 11. d4 a6 12. Bd3 Rd8 13. Be4 h6 14. a3 Bd7 15. dxc5 Bxc5 16. b4 Bd6 17. Bb2 Ne5 18. Rac1 Nbc4 19. Nb1 Bb5 20. a4 Bxa4 21. Rd4 Bb5 22. Nxe5 Bxe5 23. Rxd8+ Rxd8 24. Bxe5 Qxe5 25. Bd3 Na3 26. Bxb5 Nxb5 27. h3 Qa1 28. Qc2 Qe5 29. Nd2 g6 30. Nf3 Qd6 31. Qc4 Rd7 32. Qe4 Kg7 33. Ne5 Rc7 34. Rxc7 Qxc7 35. Qf4 f6 36. Nd3 Qxf4 37. exf4 Kf7 38. Kf1 Ke7 39. Ke2 b6 40. Ke3 a5 41. bxa5 bxa5 42. Nc5 Nc7 43. g3 Nd5+ 44. Kd4 g5 45. fxg5 hxg5 46. h4 gxh4 47. gxh4 Nf4 48. Ke4 e5 49. Kf5 Kf7 50. Ne4 a4 51. Nxf6 a3 52. Ng4 a2 53. Nxe5+ Kg8 54. Kxf4 a1Q 55. f3 Qd4+ 56. Kf5 Qxh4 57. Ng4 Qh3 58. Kg5 Qxf3 59. Nh6+ Kh7 60. Nf5 Qd5 61. Kf6 Qc6+ 62. Ke5 Qc5+ 63. Ke6 Qb6+ 64. Ke5 Kg6 65. Ne7+ Kf7 66. Nd5 Qa5 67. Kd6 Qa6+ 68. Ke5 Qc8 69. Kd6 Qe6+ 70. Kc5 Qe5 71. Kc6 Ke6 72. Nc7+ Kf5 73. Kd7 Qg7+ 74. Kc6 Ke5 75. Nb5 Qg6+ 76. Kc5 Qe8 77. Kb6 Qb8+ 78. Kc6 Qc8+ 79. Kb6 Kd5 80. Nc7+ Kd6 81. Nb5+ Kd7 82. Ka5 Qc5 83. Ka4 Kc6 84. Na3 Kd5 85. Kb3 Qe3+ 86. Kb4 Qd2+ 87. Kb3 Kc5 88. Nc2 Qd3+ 89. Kb2 Qh3 0-1

[Event "Titled Tuesday intern op 27th Jun Early"]
[Site "Chess.com INT"]
[Date "2023.06.27"]
[Round "6"]
[White "Baskakov, Egor"]
[Black "Boruchovsky, Avital"]
[Result "0-1"]
[WhiteElo "2215"]
[BlackElo "2539"]
[PlyCount "50"]
[EventDate "2023.06.27"]
[EventType "swiss (blitz)"]
[EventRounds "11"]
[EventCountry "USA"]
[SourceTitle "EXT 2024"]
[Source "ChessBase"]
[SourceDate "2023.10.10"]
[SourceVersion "1"]
[SourceVersionDate "2023.10.10"]
[SourceQuality "1"]

1. e4 c5 2. Nf3 Nc6 3. Nc3 Nf6 4. e5 Ng4 5. Qe2 d5 6. exd6 Qxd6 7. g3 Nf6 8. Bg2 Bg4 9. h3 Nd4 10. Qd1 Bf5 11. d3 e6 12. 0-0 Be7 13. Nh4 Qd7 14. Re1 Bg6 15. Nxg6 hxg6 16. Bf4 0-0-0 17. a4 a6 18. Nb5 axb5 19. axb5 Bd6 20. b6 Bxf4 21. Ra8+ Bb8 22. Qa1 Nc6 23. Qa4 Nd5 24. Qb5 Qd6 25. Rea1 Nd4 0-1

[Event "Titled Tuesday intern op 27th Jun Early"]
[Site "Chess.com INT"]
[Date "2023.06.27"]
[Round "5"]
[White "Sanhueza, Cristian"]
[Black "Boruchovsky, Avital"]
[Result "0-1"]
[WhiteElo "2206"]
[BlackElo "2539"]
[PlyCount "62"]
[EventDate "2023.06.27"]
[EventType "swiss (blitz)"]
[EventRounds "11"]
[EventCountry "USA"]
[SourceTitle "EXT 2024"]
[Source "ChessBase"]
[SourceDate "2023.10.10"]
[SourceVersion "1"]
[SourceVersionDate "2023.10.10"]
[SourceQuality "1"]

1. e4 c5 2. Nf3 Nc6 3. d4 cxd4 4. Nxd4 e6 5. Be2 Nf6 6. Nc3 Bb4 7. 0-0 Bxc3 8. bxc3 Nxe4 9. Bd3 Nf6 10. Ba3 d6 11. Nb5 0-0 12. Nxd6 Qa5 13. Nc4 Qg5 14. Bxf8 Kxf8 15. Nd6 Qf4 16. Nxc8 Rxc8 17. Rb1 b6 18. g3 Qg5 19. Qc1 Qh5 20. Qa3+ Kg8 21. Qd6 Ne5 22. Rb5 Nf3+ 23. Kg2 Ng5 24. f4 Qh3+ 25. Kg1 Ng4 26. Bxh7+ Kxh7 27. Qd2 Ne4 28. Qg2 Qxg2+ 29. Kxg2 Ne3+ 30. Kf3 Nxf1 31. Kxe4 Rxc3 0-1

[Event "Titled Tuesday intern op 18th Apr Late"]
[Site "Chess.com INT"]
[Date "2023.04.18"]
[Round "2"]
[White "Remolar Gallen, Jose"]
[Black "Boruchovsky, Avital"]
[Result "0-1"]
[WhiteElo "2283"]
[BlackElo "2539"]
[PlyCount "94"]
[EventDate "2023.04.18"]
[EventType "swiss (blitz)"]
[EventRounds "11"]
[EventCountry "USA"]
[SourceTitle "EXT 2024"]
[Source "ChessBase"]
[SourceDate "2023.10.10"]
[SourceVersion "1"]
[SourceVersionDate "2023.10.10"]
[SourceQuality "1"]

1. d4 Nf6 2. c4 d6 3. Nc3 Nbd7 4. Nf3 e5 5. e4 g6 6. g3 Bg7 7. Bg2 0-0 8. 0-0 c6 9. h3 Qc7 10. Re1 a5 11. Be3 Re8 12. Qc2 a4 13. Rad1 exd4 14. Nxd4 Nc5 15. b4 axb3 16. axb3 h6 17. b4 Ne6 18. Nb3 Ra4 19. Qd2 Ng5 20. Nxa4 Nfxe4 21. Bb6 Qd7 22. Qf4 Be5 23. Qh4 Bf6 24. Nac5 Nxc5 25. Nxc5 Rxe1+ 26. Rxe1 dxc5 27. Qf4 Bc3 28. Rc1 Bd2 29. Rd1 Bxf4 30. Rxd7 Bxd7 31. gxf4 Nxh3+ 32. Bxh3 Bxh3 33. Bxc5 Be6 34. b5 Bxc4 35. bxc6 bxc6 36. Kh2 f6 37. Kg3 Kf7 38. Kf3 Ke6 39. Ke3 Kf5 40. Kf3 Bd5+ 41. Kg3 Ke4 42. Bf8 h5 43. Bg7 f5 44. Be5 c5 45. Kh4 c4 46. Kg5 Bf7 47. Kf6 h4 0-1

[Event "EU-ch 23rd"]
[Site "Vrnjacka Banja"]
[Date "2023.03.08"]
[Round "6"]
[White "Radovanovic, Nikola"]
[Black "Boruchovsky, Avital"]
[Result "0-1"]
[WhiteElo "2407"]
[BlackElo "2536"]
[PlyCount "100"]
[EventDate "2023.03.03"]
[EventType "swiss"]
[EventRounds "11"]
[EventCountry "SRB"]
[SourceTitle "CBM 213"]
[Source "ChessBase"]
[SourceDate "2023.04.30"]
[SourceVersion "1"]
[SourceVersionDate "2023.04.30"]
[SourceQuality "1"]

1. e4 c5 2. Nc3 d6 3. f4 g6 4. Nf3 Bg7 5. Bb5+ Bd7 6. a4 Nc6 7. 0-0 Nf6 8. d3 0-0 9. Kh1 e6 10. Be3 a6 11. Bc4 Nb4 12. Bg1 Rc8 13. e5 Ne8 14. Bb3 Bc6 15. a5 Qe7 16. exd6 Nxd6 17. Ne5 Rfd8 18. Nxc6 Rxc6 19. Qe2 Nf5 20. Na4 h5 21. Bc4 Bd4 22. c3 Qh4 23. Rf3 Bxg1 24. Kxg1 Nd5 25. Qe5 Qe7 26. Re1 Nf6 27. Nb6 Nd7 28. Nxd7 Rxd7 29. Qb8+ Kh7 30. Qe5 Qd8 31. Ra1 Rc8 32. Qe2 Qc7 33. Rff1 Ne7 34. Qf2 Qd8 35. Ra4 Nf5 36. Re1 Nd6 37. Bb3 c4 38. dxc4 f5 39. Raa1 Ne4 40. Qe3 Rd3 41. Qa7 Rd2 42. Rad1 Nc5 43. g3 Qd3 44. Qb6 h4 45. gxh4 Kh6 46. Qb4 Rd8 47. Qxc5 Qf3 48. Rxd2 Rxd2 49. Qf8+ Kh5 50. Bd1 Rg2+ 0-1

[Event "EU-ch 23rd"]
[Site "Vrnjacka Banja"]
[Date "2023.03.07"]
[Round "5"]
[White "Boruchovsky, Avital"]
[Black "Grandelius, Nils"]
[Result "0-1"]
[WhiteElo "2536"]
[BlackElo "2658"]
[PlyCount "96"]
[EventDate "2023.03.03"]
[EventType "swiss"]
[EventRounds "11"]
[EventCountry "SRB"]
[SourceTitle "CBM 213"]
[Source "ChessBase"]
[SourceDate "2023.04.30"]
[SourceVersion "1"]
[SourceVersionDate "2023.04.30"]
[SourceQuality "1"]

1. e4 c5 2. Nf3 e6 3. d4 cxd4 4. Nxd4 Nc6 5. Nc3 Qc7 6. Be3 a6 7. g4 h6 8. a3 Nf6 9. f3 b5 10. Nxc6 Qxc6 11. Be2 Bb7 12. Qd2 Rc8 13. Bd4 Qc7 14. 0-0-0 e5 15. Bf2 b4 16. axb4 Bxb4 17. Qd3 0-0 18. Rhg1 Qa5 19. Be1 d5 20. Kb1 d4 21. Na2 Bxe1 22. Rgxe1 Nd7 23. Qd2 Qb6 24. g5 Rb8 25. b3 h5 26. Bc4 Rfc8 27. Ka1 Bxe4 28. Bxf7+ Kxf7 29. Rxe4 Kg8 30. Qe2 Qg6 31. Nc1 a5 32. f4 a4 33. fxe5 Nc5 34. Rexd4 axb3 35. Nxb3 Ra8+ 36. Kb2 Na4+ 37. Kc1 Nc3 38. Qd3 Qxg5+ 39. Qd2 Qe7 40. Qe3 Nxd1 41. Kxd1 Ra2 42. Rd2 Qb7 43. e6 Qh1+ 44. Ke2 Qxh2+ 45. Kd3 Qd6+ 46. Ke2 Rcxc2 47. e7 Rxd2+ 48. Nxd2 Qxd2+ 0-1

[Event "EU-ch 23rd"]
[Site "Vrnjacka Banja"]
[Date "2023.03.05"]
[Round "3"]
[White "Boruchovsky, Avital"]
[Black "Barseghyan, Armen Ar"]
[Result "1-0"]
[WhiteElo "2536"]
[BlackElo "2382"]
[PlyCount "53"]
[EventDate "2023.03.03"]
[EventType "swiss"]
[EventRounds "11"]
[EventCountry "SRB"]
[SourceTitle "CBM 213"]
[Source "ChessBase"]
[SourceDate "2023.04.30"]
[SourceVersion "1"]
[SourceVersionDate "2023.04.30"]
[SourceQuality "1"]

1. d4 Nf6 2. c4 e6 3. Nc3 Bb4 4. e3 0-0 5. Bd2 d5 6. Nf3 b6 7. cxd5 exd5 8. Rc1 Bb7 9. Bd3 Nbd7 10. 0-0 a6 11. Ne5 Be7 12. Be1 c5 13. f3 Re8 14. f4 c4 15. Bf5 b5 16. a3 Nb6 17. Qf3 Nc8 18. Bh3 Nd6 19. g4 Nfe4 20. g5 Nxc3 21. Bxc3 Ne4 22. Nxf7 Kxf7 23. Qh5+ Kf8 24. Be6 Nd6 25. Qxh7 Bf6 26. f5 a5 27. Qh8+ 1-0

[Event "EU-ch 23rd"]
[Site "Vrnjacka Banja"]
[Date "2023.03.04"]
[Round "2"]
[White "Antic, Dejan"]
[Black "Boruchovsky, Avital"]
[Result "1/2-1/2"]
[WhiteElo "2388"]
[BlackElo "2536"]
[PlyCount "66"]
[EventDate "2023.03.03"]
[EventType "swiss"]
[EventRounds "11"]
[EventCountry "SRB"]
[SourceTitle "CBM 213"]
[Source "ChessBase"]
[SourceDate "2023.04.30"]
[SourceVersion "1"]
[SourceVersionDate "2023.04.30"]
[SourceQuality "1"]

1. d4 Nf6 2. c4 e6 3. Nf3 d5 4. g3 dxc4 5. Bg2 a6 6. 0-0 Nc6 7. e3 Bd7 8. Qe2 Bd6 9. Qxc4 0-0 10. Rd1 Qe7 11. Nc3 h6 12. e4 e5 13. dxe5 Nxe5 14. Nxe5 Bxe5 15. Be3 Rfd8 16. h3 Rac8 17. Qe2 Bxc3 18. bxc3 c5 19. f3 Bc6 20. Qf2 Nd7 21. h4 Qf6 22. Bh3 Ra8 23. Bxd7 Rxd7 24. Rxd7 Bxd7 25. Bxc5 Qxc3 26. Bd4 Qd3 27. Qe3 Qxe3+ 28. Bxe3 b5 29. Kf2 Be6 30. a3 Rd8 31. g4 Rd3 32. Bc5 Bb3 33. Re1 Bc4 1/2-1/2

[Event "Titled Tuesday intern op 21st Feb Early"]
[Site "Chess.com INT"]
[Date "2023.02.21"]
[Round "2"]
[White "Boruchovsky, Avital"]
[Black "Kubicka, Anna"]
[Result "1-0"]
[WhiteElo "2540"]
[BlackElo "2211"]
[PlyCount "113"]
[EventDate "2023.02.21"]
[EventType "swiss (blitz)"]
[EventRounds "11"]
[EventCountry "USA"]
[SourceTitle "CBM 212 Extra"]
[Source "ChessBase"]
[SourceDate "2023.03.31"]
[SourceVersion "1"]
[SourceVersionDate "2023.03.31"]
[SourceQuality "1"]

1. Nf3 Nf6 2. g3 g6 3. Bg2 Bg7 4. c4 0-0 5. Nc3 d6 6. 0-0 e5 7. d4 Nc6 8. e3 Re8 9. h3 a5 10. b3 exd4 11. Nxd4 Nxd4 12. exd4 c6 13. Be3 d5 14. cxd5 Nxd5 15. Nxd5 cxd5 16. Qd2 Bf5 17. Rac1 a4 18. g4 Be6 19. Qb4 Qa5 20. Qxa5 Rxa5 21. b4 Raa8 22. Rc7 b5 23. a3 Rec8 24. Rfc1 Rxc7 25. Rxc7 Rb8 26. Kf1 Bf6 27. Ke2 Bd8 28. Rc6 Rb6 29. Rc1 f5 30. g5 Kf7 31. Bf4 Ke8 32. Bc7 Rb7 33. Bxd8 Kxd8 34. Rc5 Kd7 35. Bxd5 Bxd5 36. Rxd5+ Kc6 37. Re5 Rd7 38. Kd3 Kb6 39. d5 Kc7 40. Kd4 Kb6 41. Re6+ Kb7 42. Kc5 Rc7+ 43. Kxb5 Rc3 44. Re7+ Kc8 45. Rxh7 Rxa3 46. Kc4 Rf3 47. Ra7 a3 48. h4 Rxf2 49. Rxa3 Rf4+ 50. Kc5 Rxh4 51. Ra6 f4 52. Rxg6 Rg4 53. Kc6 Kb8 54. b5 f3 55. Rg8+ Ka7 56. b6+ Ka6 57. Ra8# 1-0